Improving payment practices in the construction industry (Record no. 105045)
[ view plain ]
| 000 -LEADER | |
|---|---|
| fixed length control field | 01863cam a2200229 4500 |
| 001 - CONTROL NUMBER | |
| control field | ##L132162 |
| 008 - FIXED-LENGTH DATA ELEMENTS--GENERAL INFORMATION | |
| fixed length control field | 060116n2006 000 0 eng u |
| 035 ## - SYSTEM CONTROL NUMBER | |
| System control number | (Sirsi) u132162 |
| 041 0# - LANGUAGE CODE | |
| Language code of text/sound track or separate title | eng |
| 050 04 - LIBRARY OF CONGRESS CALL NUMBER | |
| Classification number | 692.8 $2 18 |
| 110 1# - MAIN ENTRY--CORPORATE NAME | |
| Corporate name or jurisdiction name as entry element | United Kingdom |
| Subordinate unit | Department of Trade and Industry |
| 245 00 - TITLE STATEMENT | |
| Title | Improving payment practices in the construction industry |
| Remainder of title | analysis of the consultation to amend Part II of the Housing Grants Construction and Regeneration Act 1996 and Scheme for Construction Contracts (England and Wales) Regulations 1998 |
| 260 ## - PUBLICATION, DISTRIBUTION, ETC. | |
| Place of publication, distribution, etc. | London |
| Name of publisher, distributor, etc. | DTI |
| Date of publication, distribution, etc. | 2006 |
| 520 ## - SUMMARY, ETC. | |
| Summary, etc. | Summarises the responses received following the "Improving payment practices in the construction" consultation (L129312) which closed on 21 June 2005. Outlines government proposals in the light of those responses and announces planned next steps towards amending the legislation. Covers the payment framework, other payment proposals and adjudication proposals. Key proposals include: introducing a requirement that certification of the sum due, by one of the contracting parties or a third party, becomes an essential feature of contractual payments; removing s110(2) of the 1996 Act's requirement for a payer notice; introducing a right to apply where a certificate is not issued by the due date, and making certain payment mechanisms including pay-when-certified clauses ineffective. |
| 590 ## - LOCAL NOTE (RLIN) | |
| Local note | IKA170106 |
| 650 24 - SUBJECT ADDED ENTRY--TOPICAL TERM | |
| Topical term or geographic name entry element | HOUSING GRANTS CONSTRUCTION AND REGENERATION ACT PART II |
| 650 24 - SUBJECT ADDED ENTRY--TOPICAL TERM | |
| Topical term or geographic name entry element | SCHEME FOR CONSTRUCTION CONTRACTS (ENGLAND AND WALES) REGULATIONS 1998 |
| 690 ## - LOCAL SUBJECT ADDED ENTRY--TOPICAL TERM (OCLC, RLIN) | |
| Topical term or geographic name as entry element | BUILT ENVIRONMENT-CONSTRUCTION MANAGEMENT-BUILDING CONTRACT ADMINISTRATION |
| 710 1# - ADDED ENTRY--CORPORATE NAME | |
| Corporate name or jurisdiction name as entry element | Wales |
| Subordinate unit | National Assembly for Wales |
| 9 (RLIN) | 4836 |
| 856 40 - ELECTRONIC LOCATION AND ACCESS | |
| Uniform Resource Identifier | <a href="https://www.dti.gov.uk/construction/hgcra/hgcralead.htm">https://www.dti.gov.uk/construction/hgcra/hgcralead.htm</a> |
| Public note | View the analysis and proposals free of charge at www.dti.gov.uk... |
| 942 ## - ADDED ENTRY ELEMENTS (KOHA) | |
| Suppress in OPAC | 0 |
| Withdrawn status | Lost status | Source of classification or shelving scheme | Damaged status | Not for loan | Home library | Current library | Shelving location | Date acquired | Total Checkouts | Full call number | Barcode | Date last seen | Copy number | Price effective from | Koha item type |
|---|---|---|---|---|---|---|---|---|---|---|---|---|---|---|---|
| Dewey Decimal Classification | Virtual | Virtual | Online | 16/01/2006 | ONLINE PUBLICATION | 132162-2001 | 06/08/2019 | 1 | 06/08/2019 | Book |